Vyhliadky na hospodársky rast neoprávňujú na veľký optimizmus

Zníženie pôvodných predpovedí v polročnej správe MMF. Očakávanie 12 perc. nezamestnanosti v západnej Európe. Rozpočtové schodky. Nepriaznivé údaje o inflácii. Možné oživenie vo východnej Európe v r. 1994.

Uložené v:
Podrobná bibliografia
Hlavný autor: Jonáš, Jiří
Médium: Kapitola
Jazyk:Slovak
Predmet:
Tagy: Pridať tag
Žiadne tagy, Buďte prvý, kto otaguje tento záznam!

MARC

LEADER 00000naa a2200000 4500
001 r014198
005 20230221121019.1
041 0 |a slo 
044 |a SK 
245 1 0 |a Vyhliadky na hospodársky rast neoprávňujú na veľký optimizmus  |c Jiří Jonáš 
520 |a Zníženie pôvodných predpovedí v polročnej správe MMF. Očakávanie 12 perc. nezamestnanosti v západnej Európe. Rozpočtové schodky. Nepriaznivé údaje o inflácii. Možné oživenie vo východnej Európe v r. 1994. 
610 2 0 |a rast hospodársky 
610 2 0 |a západná Európa 
610 2 0 |a Medzinárodný menový fond 
610 2 0 |a nezamestnanosť 
610 2 0 |a rozpočet štátny 
610 2 0 |a deficit 
610 2 0 |a inflácia 
610 2 0 |a východná Európa 
610 2 0 |a 1993 
100 1 |a Jonáš, Jiří